000 00876nam a2200277Ia 4500
001 21873
005 20260320113320.0
008 260320s9999||||xx |||||||||||||| ||und||
020 _a9786074813203
041 _aESP
082 _a658.5038
_bL49
100 _aLerma Kirchner, Alejandro E.,
_eAUT
245 0 _aDesarrollo de nuevos productos : una visión integral
_b
246 _a
_5
_b
250 _aCuarta edición
260 _aMéxico D. F. :
_bCengage Learning,
_c2010
300 _axv, 346 páginas :
_bcuadros, gráficos ;
_c24 cm.
_e
440 _a
_n
_v
500 _aNo tiene portada / Datos extraídos de Worldcat
650 _aTCA
653 _aAnálisis de mercadeo
654 _aCAN
700 _a
_c
856 _uhttps://ebooks7-24-com.ucsp.lookproxy.com/stage.aspx?il=&pg=&ed=
_zVéase además: Base de datos Ebook7-24
942 _cLIB
_dJUS
_fMIP
_2ddc
_n
999 _c21873
_d21873